header

Organismic theories of the state (Record no. 229203)

MARC details
000 -LEADER
fixed length control field 01272nam a2200289Ia 4500
100 1# - MAIN ENTRY--AUTHOR NAME
Personal name Coker, Francis W.
245 10 - TITLE STATEMENT
Title Organismic theories of the state
260 ## - PUBLICATION, DISTRIBUTION, ETC. (IMPRINT)
Place of publication Kitchener, Ont. :
Name of publisher Batoche,
Year of publication 2001.
300 ## - PHYSICAL DESCRIPTION
Number of Pages 156 p.
500 ## - GENERAL NOTE
General note Reprint. Originally published : Studies in History, Economics and Public Law; vol. 38, no 2. New York: Columbia University, 1910.
650 #0 - SUBJECT ADDED ENTRY--TOPICAL TERM
Topical Term State, The.
Topical Term Political science.
856 40 - ELECTRONIC LOCATION AND ACCESS
Uniform Resource Identifier http://site.ebrary.com/lib/rucke/Doc?id=2001982

No items available.

© 2026 Rongo University
Contact us: librarian | system librarian | Rongo university